| Tag |
First Indicator |
Second Indicator |
Subfields |
| LEADER |
00000pam a2200000 a 4500 |
| 001 |
in00001527621 |
| 005 |
20151022050322.0 |
| 008 |
000330s1999 dcu b 001 0 eng c |
| 010 |
|
|
|a 99026611
|
| 020 |
|
|
|a 0880489626 (acid-free paper)
|
| 020 |
|
|
|a 0880489618 (alk. paper)
|
| 035 |
|
|
|a (OCoLC)41573073
|
| 040 |
|
|
|a DNLM/DLC
|c DLC
|d NLM
|d TXA
|d UtOrBLW
|
| 049 |
|
|
|a TXAM
|
| 050 |
0 |
0 |
|a RC451.4.M45
|b M37 1999
|
| 060 |
1 |
0 |
|a HQ 28
|b M395 1999
|
| 069 |
0 |
|
|a 100890629
|
| 082 |
0 |
0 |
|a 616.89/0082
|2 21
|
| 245 |
0 |
0 |
|a Masculinity and sexuality :
|b selected topics in the psychology of men /
|c edited by Richard C. Friedman and Jennifer I. Downey.
|
| 264 |
|
1 |
|a Washington, D.C. :
|b American Psychiatric Press,
|c [1999]
|
| 264 |
|
4 |
|c ©1999
|
| 300 |
|
|
|a xv, 155 pages ;
|c 23 cm.
|
| 336 |
|
|
|a text
|b txt
|2 rdacontent
|
| 337 |
|
|
|a unmediated
|b n
|2 rdamedia
|
| 338 |
|
|
|a volume
|b nc
|2 rdacarrier
|
| 490 |
1 |
|
|a Review of psychiatry series,
|x 1041-5882 ;
|v vol. 18, no. 5
|
| 504 |
|
|
|a Includes bibliographical references and index.
|
| 505 |
0 |
|
|a Sexual fantasy and behavior: selected clinical issues / Richard C. Friedman and Jennifer I. Downey -- Male Heterosexuality / Stephen B. Levine -- Evaluation and treatment of erectile dysfunction / Stanley E. Althof and Allen D. Seftel -- Fatherhood as a transformation of the self: steps toward a new psychology of men / William S. Pollack -- Casualties of recovered memory therapy: the impact of false allegations of incest on accused fathers / Harold I. Lief and Janet M. Fetkewicz.
|
| 650 |
|
0 |
|a Men
|x Mental health.
|
| 650 |
|
0 |
|a Men
|x Sexual behavior.
|
| 650 |
|
0 |
|a Men
|x Psychology.
|
| 650 |
1 |
2 |
|a Men
|x psychology.
|
| 650 |
1 |
2 |
|a Sexual Behavior.
|
| 700 |
1 |
|
|a Friedman, Richard C.,
|d 1941-
|
| 700 |
1 |
|
|a Downey, Jennifer I.
|
| 830 |
|
0 |
|a Review of psychiatry series ;
|v v. 18, 5.
|
| 948 |
|
|
|a cataloged
|b h
|c 2000/3/30
|d c
|e dmitchel
|f 3:46:58 pm
|
| 994 |
|
|
|a E0
|b TXA
|
| 999 |
|
|
|a MARS
|
| 999 |
f |
f |
|s aaafd35b-eb65-3d35-bea0-6c6440384a55
|i d833b938-1f6f-3964-b8e4-617fd062dee5
|t 0
|
| 952 |
f |
f |
|p ric
|a Texas A&M University
|b Rellis Campus
|c Joint Library Facility
|d Remote Storage
|t 0
|e RC451.4.M45 M37 1999
|h Library of Congress classification
|i unmediated -- volume
|m A14825840406
|
| 998 |
f |
f |
|a RC451.4.M45 M37 1999
|t 0
|l Remote Storage
|